00503nam a2200205Ia 4500001000700000003000500007008004100012010001100053040000900064082001400073100001900087245007000106260003000176300002900206440000500235500000500240503000800245650002000253650002400273Z_1107CHAP220113s1984 xx 000 0 und d a164187 cCHAP a636.2 L6y aLoon, Dirk Van aLa vaca doméstica: cría y explotación /cpor Dirk van Loon aMéxico :bCECSA,c1984 a274 p. : bilus. ; mapas a a aC/E aGanado lechero  aLechexProducción